Drei Klavierstücke, Op. 86

Hlavní autor: Scharwenka, Xaver, 1850-1924
Jazyk: Nelze použít, není lingvistický obsah
Vydáno: Leipzig : Peters, 1913
Edice: Edition Peters
Fyzický popis: 14 s.
Hudebniny Hudebniny
Uloženo v:
LEADER 00735ncm a22002292a 4500
001 001231466
003 CZ BrMZK
005 20120717133126.0
007 qu
008 960101s1913 gw f zxx d
040 |a BOA001  |b cze 
072 7 |a 786  |x Hudba pro klávesové nástroje  |2 Konspekt  |9 9 
100 1 |a Scharwenka, Xaver,  |d 1850-1924  |7 kup19960000087193  |4 cmp 
245 1 0 |a Drei Klavierstücke, Op. 86  |h [hudebnina] /  |c Xaver Scharwenka 
260 |a Leipzig :  |b Peters,  |c 1913 
300 |a 14 s. 
490 1 |a Edition Peters ;  |v Nr. 3485 
830 0 |a Edition Peters 
910 |a BOA001  |b Mus4-0577.777 
990 |a MU 
991 |b 201207 
996 6 |b 2619099830  |c Mus4-0577.777  |l MZK  |r Sklad / do 1 hodiny  |n 0  |w 001265322  |u 000010  |a 1  |e BOA001  |j MZK50  |s P